| 000 | 00484nam a2200217Ia 4500 | ||
|---|---|---|---|
| 005 | 20251020182517.0 | ||
| 008 | 200515s9999 xx 000 0 und d | ||
| 082 | _a674.238/H97 | ||
| 245 | 0 | _aDas Ideenbuch vom Wohnen | |
| 260 | _aHamburgo | ||
| 260 | _c2001 | ||
| 300 | _aHulsta | ||
| 500 | _a1 ejemplar | ||
| 650 | _aCOMEDORES | ||
| 650 | _aDECORACION | ||
| 650 | _aDECORACION DE INTERIORES | ||
| 650 | _aDORMITORIOS | ||
| 650 | _aLIB | ||
| 650 | _aSALAS | ||
| 942 | _cLIB | ||
| 999 |
_c1627 _d1627 |
||